000 00551nam a2200229Ia 4500
003 OSt
005 20221005131951.0
006 a|||||r|||| 00| 0
007 ta
008 221004b |||||||| |||| 00| 0 urd d
024 _a12171
037 _cTextual
040 _aCRL
_cCRL
_burd
041 _2urd
_aurd
082 _aO168,1:g, N65
100 _aAnis Nagi
_9640381
245 0 _aTanqeed e Shora
260 _c1965
650 _aURDU LITERATURE
942 _hO168,1:g, N65
_cTEXL
_2cc
999 _c1061994
_d1061994